00886nam a2200265Ia 4500003000400000005001700004008004100021020001400062040000700076041001200083082001800095100003300113245006300146250000600209260004300215300003200258365001300290650001900303650002200322700003500344906006300379942001200442999001900454952014700473OSt20250715175111.0210423s2005 xx 000 0 und d a812290905 cAL aEnglish a070.41 bPATE aBenton Rain Patterson982042 aEditor in chiefb: a management guide for magazine editors a2 aNew DelhibSurjeeth Publicationsc2005 avii,200p.bPBc22.5x15.3cm. b225cINR aEditing982043 aJournalism982044 aPatterson, Coleman E P9218856 achief: ; Editor ; editors. ; guide ; magazine ; management 2ddccBK c155507d155507 00102ddc40708MAJMCaSACPGbSACPGd2008-07-09eHigginbothams Pvt Ltdg225.00l0o070.41 PATEpPG001979r2022-08-24 00:00:00w2021-04-26yBK